000 00846mc a2200265a 44500
001 NM030023
003 RG CODE MARC
008 45020simpr ||||||||||||||000 | spa||
005 20251028183339.0
020 _a950-861-844-2
020 _a978-950-861-844-3
040 _aORG CODE MARC
100 _aRodríguez Miranda, Tomás
_cS.J.
_940875
245 _aLa dirección espiritual
_bpastoral del acompañamiento espiritual
_cTomás Rodríguez Miranda
260 _aBuenos Aires
_bSan Pablo [distribuidor]
300 _a400 p.
_b23 cm.
490 _aBrechas
500 _aDonación de Pablo Vernola, 2025
505 _tCap. I. Naturaleza y finalidad de la dirección espiritual
505 _tCap. II. Las personas
505 _tCap. III. Las mediaciones
505 _tCap. IV. Modos de proceder
505 _tApéndices
942 _cBK
999 _c29330
_d29330